Informe

Uloženo v:
Podrobná bibliografie
Médium: Text
Vydáno: San José: ADC
Tagy: Přidat tag
Žádné tagy, Buďte první, kdo vytvoří štítek k tomuto záznamu!

MARC

LEADER 00000 a a2200000 04500
001 30032
003
040
090 |a 173803  
245 |a Informe  
260 |a San José:   |b ADC  
999 |c 13720  |d 13720